US Presidents who served the shortest terms in office. - Statistics

General Stats
  • This quiz has been taken 39 times
  • The average score is 7 of 10
Answer Stats
Days in Office President % Correct
31 William Henry Harrison
96%
199 James A Garfield
87%
1,036 John F Kennedy
87%
492 Zachary Taylor
74%
1.419 Andrew Johnson
70%
1.430 John Tyler
70%
1.262 Chester A Arthur
65%
969 Millard Fillmore
65%
895 Gerald R Ford
61%
881 Warren G Harding
61%
No matching quizzes found
Score Distribution
Percent of People with Each Score
Percentile by Number Answered
Your Score History
You have not taken this quiz